000 00287nam a22001217a 4500
008 180125b xxu||||| |||| 00| 0 eng d
041 _aeng
080 _a37
100 _a48
101 _aedu
245 _apractical strategies for children educators
_cmichael.d.f
942 _2udc
_cBK
999 _c40967
_d40967